| 000 | 00473nam a22001817a 4500 | ||
|---|---|---|---|
| 999 |
_c11919 _d11919 |
||
| 008 | 210707b 2001 ||||| |||| 00| 0 eng d | ||
| 020 | _a8122401732 | ||
| 082 |
_a536.2 _bKOT |
||
| 100 | _aKothandaraman, C. P. | ||
| 245 | _aHeat and mass transfer data book | ||
| 250 | _a4th | ||
| 260 |
_aNew Delhi _bNew Age International (P) Limited, Publishers _c1993 |
||
| 300 | _a190p. | ||
| 650 | _aMetals | ||
| 650 | _aRadiation | ||
| 650 | _aHeat Exchanger | ||
| 942 | _cBK | ||